<?xml version="1.0" encoding="UTF-8"?>
<record
    xmlns:xsi="http://www.w3.org/2001/XMLSchema-instance"
    xsi:schemaLocation="http://www.loc.gov/MARC21/slim http://www.loc.gov/standards/marcxml/schema/MARC21slim.xsd"
    xmlns="http://www.loc.gov/MARC21/slim">

  <leader>00643cam a2200193   4500</leader>
  <controlfield tag="001">45502</controlfield>
  <datafield tag="090" ind1=" " ind2=" ">
    <subfield code="a">45502</subfield>
  </datafield>
  <datafield tag="100" ind1=" " ind2=" ">
    <subfield code="a">19930515d1947    km y0pory50030103ba</subfield>
  </datafield>
  <datafield tag="101" ind1="0" ind2=" ">
    <subfield code="a">por</subfield>
  </datafield>
  <datafield tag="102" ind1=" " ind2=" ">
    <subfield code="a">PT</subfield>
  </datafield>
  <datafield tag="200" ind1="1" ind2=" ">
    <subfield code="a">Introduc&#xE3;o ao estudo da Economia portuguesa</subfield>
    <subfield code="e">fins do s&#xE9;c. XVIII a principios do s&#xE9;c. XX</subfield>
    <subfield code="f">Armando Castro</subfield>
  </datafield>
  <datafield tag="210" ind1=" " ind2="9">
    <subfield code="a">Lisboa</subfield>
    <subfield code="c">Edi&#xE7;&#xF5;es Cosmo</subfield>
    <subfield code="d">1947</subfield>
  </datafield>
  <datafield tag="215" ind1=" " ind2=" ">
    <subfield code="a">269, [3] p.</subfield>
    <subfield code="d">20 cm</subfield>
  </datafield>
  <datafield tag="225" ind1="2" ind2=" ">
    <subfield code="a">Biblioteca Cosmos</subfield>
    <subfield code="h">4.&#xAA; sec&#xE7;&#xE3;o</subfield>
    <subfield code="i">Povos e civilizac&#xF5;es. Hist&#xF3;ria de Portugal</subfield>
    <subfield code="v">130-131</subfield>
  </datafield>
  <datafield tag="317" ind1=" " ind2=" ">
    <subfield code="a">Biblioteca Jo&#xE3;o Evangelista Campos Lima</subfield>
  </datafield>
  <datafield tag="675" ind1=" " ind2=" ">
    <subfield code="a">33(469)</subfield>
  </datafield>
  <datafield tag="700" ind1=" " ind2="1">
    <subfield code="a">Castro,</subfield>
    <subfield code="b">Armando,</subfield>
    <subfield code="f">1918-1999</subfield>
  </datafield>
  <datafield tag="801" ind1=" " ind2="0">
    <subfield code="a">PT</subfield>
    <subfield code="b">BN</subfield>
    <subfield code="g">RPC</subfield>
  </datafield>
  <datafield tag="990" ind1=" " ind2=" ">
    <subfield code="c">LIVROS</subfield>
  </datafield>
  <datafield tag="995" ind1=" " ind2=" ">
    <subfield code="1">0</subfield>
    <subfield code="9">76466</subfield>
    <subfield code="b">BMR</subfield>
    <subfield code="c">BMR</subfield>
    <subfield code="f">056208</subfield>
    <subfield code="k">33(469) CAS</subfield>
    <subfield code="o">-1</subfield>
    <subfield code="r">LIVROS</subfield>
    <subfield code="u">oferta de Verg&#xED;lio Ambr&#xF3;sio</subfield>
  </datafield>
</record>
